[Event "FRA-chT3 Gr12 0304"]
[Site "Loire"]
[Date "2004.02.01"]
[Round "5.1"]
[White "Cizeron, Frederic"]
[Black "Martin, Bruno"]
[Result "1-0"]
[WhiteElo "2080"]
[BlackElo "2030"]
[PlyCount "57"]
[EventDate "2003.10.12"]
[EventType "team-tourn"]
[EventRounds "9"]
[EventCountry "FRA"]
[SourceTitle "EXT 2008"]
[Source "ChessBase"]
[SourceDate "2007.11.25"]
[SourceVersion "1"]
[SourceVersionDate "2007.11.25"]
[SourceQuality "1"]

1. d4 d5 2. Nf3 e6 3. Bg5 Nf6 4. e3 Be7 5. c4 0-0 6. Nc3 h6 7. Bh4 b6 8. cxd5 exd5 9. Bd3 Be6 10. Rc1 c5 11. Ne5 c4 12. Bb1 g5 13. Bg3 Nfd7 14. Qh5 Kg7 15. f4 Nxe5 16. fxg5 Nd3+ 17. Bxd3 Bxg5 18. Be5+ Bf6 19. 0-0 Bxe5 20. Qxe5+ Kg8 21. Rf3 Re8 22. Bf5 Nc6 23. Rg3+ Kf8 24. Qg7+ Ke7 25. Bxe6 Kxe6 26. Rf1 Rf8 27. Qxh6+ f6 28. Qh3+ f5 29. Rg6+ 1-0

[Event "Loire-ch Top20 0304"]
[Site "Loire"]
[Date "2004.01.10"]
[Round "5"]
[White "Cizeron, Frederic"]
[Black "Deville, Olivier"]
[Result "1/2-1/2"]
[WhiteElo "2080"]
[BlackElo "2040"]
[PlyCount "80"]
[EventDate "2003.09.27"]
[EventType "swiss"]
[EventRounds "9"]
[EventCountry "FRA"]
[SourceTitle "EXT 2008"]
[Source "ChessBase"]
[SourceDate "2007.11.25"]
[SourceVersion "1"]
[SourceVersionDate "2007.11.25"]
[SourceQuality "1"]

1. d4 d5 2. Nf3 c6 3. g3 Bf5 4. Bg2 e6 5. 0-0 Nd7 6. b3 Ngf6 7. c4 h6 8. Nc3 Be7 9. Nd2 0-0 10. e4 dxe4 11. Ndxe4 Nxe4 12. Nxe4 Nf6 13. Nc3 Qd7 14. Be3 Ng4 15. Ne4 Nxe3 16. fxe3 Bxe4 17. Bxe4 Bg5 18. Qe2 Qc7 19. Rad1 a5 20. Bb1 Rfd8 21. Qd3 g6 22. Rf3 Rd7 23. h4 Bd8 24. Qe4 Qd6 25. Qc2 f5 26. e4 h5 27. d5 Qc5+ 28. Kg2 cxd5 29. exf5 exf5 30. cxd5 Qxc2+ 31. Bxc2 Rc8 32. Bd3 Kg7 33. Bc4 Rd6 34. Re3 Bf6 35. Rde1 b5 36. Bxb5 Rxd5 37. Bc4 Rd2+ 38. R1e2 Rcd8 39. Kf3 Rd1 40. Re6 R1d6 1/2-1/2

[Event "FRA-chT3 Gr12 0304"]
[Site "Loire"]
[Date "2003.12.07"]
[Round "5.1"]
[White "Cursoux, Laurent"]
[Black "Cizeron, Frederic"]
[Result "1-0"]
[WhiteElo "2221"]
[BlackElo "2080"]
[PlyCount "45"]
[EventDate "2003.10.12"]
[EventType "team-tourn"]
[EventRounds "9"]
[EventCountry "FRA"]
[SourceTitle "EXT 2008"]
[Source "ChessBase"]
[SourceDate "2007.11.25"]
[SourceVersion "1"]
[SourceVersionDate "2007.11.25"]
[SourceQuality "1"]

1. e4 e6 2. d4 d5 3. Nc3 Nf6 4. Bg5 Be7 5. e5 Nfd7 6. Bxe7 Qxe7 7. f4 f5 8. exf6 Nxf6 9. Nf3 c5 10. Bb5+ Bd7 11. Qe2 0-0 12. Bxd7 Nfxd7 13. Nxd5 Qd6 14. Nc3 cxd4 15. Nb5 Qb4+ 16. c3 dxc3 17. bxc3 Qxf4 18. Qxe6+ Kh8 19. 0-0 Nc5 20. Qe7 Nbd7 21. Ng5 Rae8 22. Nf7+ Rxf7 23. Qxe8+ 1-0

[Event "Loire-ch Top20 0304"]
[Site "Loire"]
[Date "2003.11.29"]
[Round "3"]
[White "Cizeron, Frederic"]
[Black "Ollier, Michel"]
[Result "1-0"]
[WhiteElo "2080"]
[BlackElo "2030"]
[PlyCount "49"]
[EventDate "2003.09.27"]
[EventType "swiss"]
[EventRounds "9"]
[EventCountry "FRA"]
[SourceTitle "EXT 2008"]
[Source "ChessBase"]
[SourceDate "2007.11.25"]
[SourceVersion "1"]
[SourceVersionDate "2007.11.25"]
[SourceQuality "1"]

1. d4 Nf6 2. Nf3 e6 3. g3 c5 4. Bg2 d5 5. 0-0 Be7 6. b3 Nc6 7. Bb2 Qc7 8. Nbd2 b6 9. c4 Ba6 10. cxd5 exd5 11. Rc1 h5 12. Re1 h4 13. Nxh4 Rxh4 14. gxh4 Ng4 15. Nf1 Bxh4 16. Ng3 Qf4 17. Bf3 Nxh2 18. Kxh2 0-0-0 19. dxc5 Rh8 20. Kg2 Kb8 21. Qxd5 Bc8 22. Qxc6 Bxg3 23. Qa8+ Kc7 24. cxb6+ Kxb6 25. Qc6+ 1-0